<?xml version="1.0" encoding="UTF-8"?>
<marc:record xmlns:marc="http://www.loc.gov/MARC21/slim">
   <marc:leader>00000nam a2200000 a 4500</marc:leader>
   <marc:datafield ind1="1" ind2=" " tag="100">
      <marc:subfield code="a">Grawe, Hartmut</marc:subfield>
      <marc:subfield code="4">aut</marc:subfield>
      <marc:subfield code="e">Verfasser/-in</marc:subfield>
   </marc:datafield>
   <marc:datafield ind1=" " ind2=" " tag="653">
      <marc:subfield code="a">9 vor 9 Geschichten</marc:subfield>
   </marc:datafield>
   <marc:datafield ind1=" " ind2=" " tag="653">
      <marc:subfield code="a">neun vor neun</marc:subfield>
   </marc:datafield>
   <marc:datafield ind1=" " ind2=" " tag="653">
      <marc:subfield code="a">Bayern 1</marc:subfield>
   </marc:datafield>
   <marc:datafield ind1=" " ind2=" " tag="653">
      <marc:subfield code="a">BR1</marc:subfield>
   </marc:datafield>
   <marc:datafield ind1=" " ind2=" " tag="653">
      <marc:subfield code="a">Kalenderblatt</marc:subfield>
   </marc:datafield>
   <marc:datafield ind1=" " ind2=" " tag="653">
      <marc:subfield code="a">Kurzgeschichten</marc:subfield>
   </marc:datafield>
   <marc:datafield ind1=" " ind2=" " tag="653">
      <marc:subfield code="a">wahre Geschichten</marc:subfield>
   </marc:datafield>
   <marc:datafield ind1=" " ind2=" " tag="653">
      <marc:subfield code="a">Softcover / Sachbücher/Geschichte/Allgemeines</marc:subfield>
   </marc:datafield>
   <marc:datafield ind1=" " ind2=" " tag="653">
      <marc:subfield code="a">Nachschlagewerke</marc:subfield>
   </marc:datafield>
   <marc:datafield ind1=" " ind2=" " tag="653">
      <marc:subfield code="a">Bayern 1 Radiosendung</marc:subfield>
   </marc:datafield>
   <marc:datafield ind1="0" ind2="0" tag="245">
      <marc:subfield code="a">Der Mann, der 7 Mal vom Blitz getroffen wurde</marc:subfield>
   </marc:datafield>
   <marc:datafield ind1="0" ind2="0" tag="245">
      <marc:subfield code="b">Tage, die Geschichte(n) schrieben</marc:subfield>
   </marc:datafield>
   <marc:datafield ind1="0" ind2="0" tag="245">
      <marc:subfield code="c">Hartmut Grawe</marc:subfield>
   </marc:datafield>
   <marc:datafield ind1=" " ind2="1" tag="264">
      <marc:subfield code="a">München</marc:subfield>
      <marc:subfield code="b">Grubbe</marc:subfield>
      <marc:subfield code="c">2015</marc:subfield>
   </marc:datafield>
   <marc:datafield ind1="1" ind2=" " tag="520">
      <marc:subfield code="a">Angaben aus der Verlagsmeldung

Der Mann, der 7 Mal vom Blitz getroffen wurde : Tage, die Geschichte(n) schrieben / von Hartmut Grawe

Wussten Sie, wie die „Blaue Mauritius“ zur berühmtesten Briefmarke der Welt wurde? Oder dass Aristoteles Onassis mit dem Verkauf türkischer Zigaretten in Argentinien seine erste Million machte? Hätten Sie gedacht, das Monopoly in seiner Urfassung von 1904 ein kapitalismuskritisches Spiel war? Und dass Teflon erstmals beim Bau der Atombombe eingesetzt wurde, bevor es durch Bratpfannen und ¬ unter dem Markennamen GORE-TEX ¬ durch Kleidung breite Bekanntheit erlangte?

Die Geschichten der Radiosendung „9 vor 9“ sind ein Fotoapparat der Weltgeschichte: Wie sah der Augenblick aus, der an einem bestimmten Tag den Lauf der Dinge veränderte? Oft zeigt die Momentaufnahme Wendepunkte und Meilensteine der Jahrhunderte aus neuer Perspektive und beleuchtet, was gern im Schatten übersehen wird. Nicht immer stimmt, was aus der oberflächlichen Überlieferung vertraut scheint. Einige Geschichten stellen zudem weniger bekannte Menschen und Begebenheiten vor, mysteriöse, skurrile und überraschende Momente und Erfindungen, die rätseln, staunen und schmunzeln lassen – wie z.B. die titelgebende Geschichte vom Mann, der 7 Mal vom Blitz getroffen wurde.

Nicht nur Thriller und Krimis können „page turner“ sein. Auch bei diesem Buch wird es dem Leser schwerfallen, nach der gerade gelesenen Geschichte seine Neugier auf die nächste Geschichte zu zügeln, denn jede bietet Überraschungsmomente und Aha-Erlebnisse.
</marc:subfield>
   </marc:datafield>
   <marc:datafield ind1=" " ind2=" " tag="020">
      <marc:subfield code="a">9783942194198</marc:subfield>
      <marc:subfield code="9">9783942194198</marc:subfield>
   </marc:datafield>
   <marc:datafield ind1=" " ind2=" " tag="020">
      <marc:subfield code="a">3942194198</marc:subfield>
      <marc:subfield code="9">3942194198</marc:subfield>
   </marc:datafield>
   <marc:datafield ind1=" " ind2=" " tag="041">
      <marc:subfield code="a">ger</marc:subfield>
   </marc:datafield>
   <marc:datafield ind1=" " ind2=" " tag="300">
      <marc:subfield code="a">279 S.</marc:subfield>
   </marc:datafield>
</marc:record>
